Srůstání Evropy Německý pohled na rozšiřování EU a NATO

Otázka vstupu krajín strednej a východnej Európy do NATO. Argumenty pre a proti. Ciele Západu, ktoré by mali byť dosiahnuté rozšírením EU a NATO. Transformácia a prednostný význam otvorenia EU. Potreba výberového otvorenia EU. Bezpečnosť pre východnú Európu. Program "Partnerstvo za mier".

Gespeichert in:
Bibliographische Detailangaben
1. Verfasser: Royen, Ch
Format: Buchkapitel
Sprache:Tschechisch
Schlagworte:
Tags: Tag hinzufügen
Keine Tags, Fügen Sie das erste Tag hinzu!

MARC

LEADER 00000naa a2200000 4500
001 r016075
005 20221213082321.7
041 0 |a cze 
044 |a CZ 
245 1 0 |a Srůstání Evropy  |b Německý pohled na rozšiřování EU a NATO  |c Ch. Royen 
520 |a Otázka vstupu krajín strednej a východnej Európy do NATO. Argumenty pre a proti. Ciele Západu, ktoré by mali byť dosiahnuté rozšírením EU a NATO. Transformácia a prednostný význam otvorenia EU. Potreba výberového otvorenia EU. Bezpečnosť pre východnú Európu. Program "Partnerstvo za mier". 
610 2 0 |a bezpečnosť európska 
610 2 0 |a stredná Európa 
610 2 0 |a NATO 
610 2 0 |a Európska únia 
610 2 0 |a transformácia 
610 2 0 |a východná Európa 
100 1 |a Royen, Ch.